1615 1228 1997 1846 1662 1711 1177 1928 1434 1606 1544 1772 1879 1481 1260 1586 1905 1536 1433 1763 1694 1251 1245 1229 1683 1229 1782 1966 1092 1292 1901 1228 1693 1707 1145 1221 1943 1710 1651 1867 1775 1559 1097 1217 1971 1542 1387 1676 1535 1205 1852 1520 1899 1983 1169 1882 1946 1501 1965 1232 1226 1807 1545 1694 1866 1761 1326 1511 1511 1773 1343 1624 1095 1330 1842 1997 1336 1683 1285 1962 1275 1868 1002 1825 1873 1193 1253 1503 1942 1409 1396 1852 1208 1614 1910 1644 1298 1786 1890 BCNSPRNW ULIB Ver.6.0+V

เปลี่ยนเป็นภาษาไทย

Change to English
 แสดงรายละเอียดบรรณานุกรม
  กลับหน้าหลัก

Brief Record : Get Marc (ISO 2709) : E-mail record : QR code < ปิดหน้าต่าง
LEADER : 00000nam 2200000uu 4500
001    13399112038
003     ULIB
008    110725s2549||||th 000 0 tha d
020    9742317011
020    9789742317010
050  4 H62^bด671ห 2549
100 0  ดุจเดือน พันธุมนาวิน
245 10 หลักและวิธีประมวลเอกสารเพื่อความเป็นเลิศในการวิจัยทางจิตพฤติกรรมศาสตร์ =^bPrinciples and methods of literature review for research excellence in psycho-behavioral sciences /^cดุจเดือน พันธุมนาวิน
246 31 Principles and methods of literature review for research excellence in psycho-behavioral sciences
250    พิมพ์ครั้งที่ 1
260    กรุงเทพฯ :^bโครงการส่งเสริมเอกสารทางวิชาการคณะพัฒนาสังคมและสิ่งแวดล้อม สถาบันบัณฑิตพัฒนบริหารศาสตร์,^c2549
300    (17), 237 หน้า :^bภาพประกอบ ;^c26 ซม.
504    มีบรรณานุกรมและดัชนี
650  7 การเขียนทางวิชาการ
650  7 จิตวิทยา^xวิจัย
650  7 วิจัย
650  7 วิจัย^xวิธีวิทยา
650  7 สังคมศาสตร์^xวิจัย
650  7 พฤติกรรมศาสตร์^xวิจัย
710 2  สถาบันบัณฑิตพัฒนบริหารศาสตร์.^bคณะพัฒนาสังคมและสิ่งแวดล้อม. ^bโครงการส่งเสริมเอกสารทางวิชาการ
945    ^p300^l0^i021424
945    ^p300^l0^i021425
995    ทศพร
999 ^a ทศพร
รายการนี้ยังไม่มีแท็ก
คุณยังไม่ได้ล็อกอิน คุณสามารถมีกิจกรรมร่วมกับเว็บไซต์ได้ แต่ต้องล็อกอินก่อน ::
  ล็อกอิน

รายการสื่อสารสนเทศ

ลำดับที่ ประเภท เลขเรียก/บาร์โค้ด สถานที่ สถานะ
- ไม่พบข้อมูล -

รายการใกล้เคียง
    ผู้แต่ง [ดุจเดือน พันธุมนาวิน]

    หัวเรื่อง [การเขียนทางวิชาการ]
    หัวเรื่อง [วิจัย]

BibComment


ยังไม่เคยถูกคอมเมนท์

คอมเมนท์ทรัพยากรรายการนี้
  คอมเมนท์: หลักและวิธีประมวล..


 Copyright 2026. Bcnsprnw @Library